000
00316nam a2200133Ia 4500
005
20251222144704.0
008
251222s9999||||xx |||||||||||||| ||spa||
020
_a
0-19-434521-1
082
_a
425.03/M17T/5
100
_a
Viney, Peter
245
0
_a
Main Street:
264
_b
Oxford University Press
942
_c
LIB
999
_c
17551
_d
17551